| 000 -NÁVESTIE |
| fixed length control field |
00838nam a2200217 a 4500 |
| 008 - ÚDAJE S PEVNOU DĹŽKOU – VŠEOBECNÉ INFORMÁCIE |
| fixed length control field |
951213s1983||||[C 0 slo c |
| 020 ## - MEDZINÁRODNÉ ŠTANDARDNÉ ČÍSLO KNIHY (ISBN) |
| Údaje o dostupnosti |
17 Kčs. |
| Qualifying information |
(18000 výtl.) |
| 040 ## - ZDROJ KATALOGIZÁCIE |
| Pôvodná katalogizujúca agentúra |
SNK |
| Jazyk katalogizácie |
slo |
| Prepisujúca agentúra |
SNK |
| Konvencie popisu |
AACR2 |
| 041 1# - KÓD JAZYKA |
| Kód jazyka textu/zvukovej stopy alebo samostatných nápisov |
slo |
| Kód jazyka originálu a/alebo sprostredkujúcich prekladov textu |
rus |
| 044 ## - KÓD KRAJINY VYDAVATEĽA/PRODUCENTA |
| Kód krajiny MARC |
xo |
| Kód krajiny ISO |
SK |
| 080 ## - ČÍSLO MEDZINÁRODNÉHO DESATINNÉHO TRIEDENIA (MDT) |
| Číslo Medzinárodného desatinného triedenia (MDT) |
323.2(47)"1910/1911"(082) |
| 100 1# - OSOBNÉ MENÁ – VŠEOBECNÉ INFORMÁCIE |
| Osobné meno |
Lenin, Vladimir Iľjič |
| Kód roly |
aut |
| 245 10 - NÁZOV |
| Názov |
Zobrané spisy. /Zv./ 20 |
| Zvyšok názvu |
November 1910-november 1911 |
| Údaj o zodpovednosti atď. |
Vladimir Iľjič Lenin ; Eva Csányiová, Oto Takáč |
| 250 ## - ÚDAJ O PORADÍ VYDANIA |
| Údaj o poradí vydania |
2., vyd. |
| 260 ## - VYDAVATEĽSKÉ ÚDAJE, DISTRIBÚCIA ATĎ. |
| Miesto publikovania, distribúcie atď. |
Bratislava |
| Názov vydavateľa, distibútora atď. |
Pravda |
| Dátum publikovania, distribúcie atď. |
1983 |
| Miesto výroby |
Bratislava |
| Výrobca |
Pravda |
| 300 ## - FYZICKÝ POPIS |
| Rozsah |
705 s., 32,09 AH |
| Rozmery |
21 cm |
| 500 ## - VŠEOBECNÁ POZNÁMKA |
| Formátovaná poznámka o obsahu |
Lit. 130. Životopis. údaje. Pozn. Faksim. rkp. Reg. men. a lit. prác a prameňov. Zozn. nenájdených prác V.I. Lenina. 130 zázn. v slov., češ. a ruš. |
| 700 1# - PRIDANÝ VSTUP – OSOBNÉ MENO |
| Osobné meno |
Csányiová, Eva |
| Kód roly |
trl |
| 700 1# - PRIDANÝ VSTUP – OSOBNÉ MENO |
| Osobné meno |
Takáč, Oto |
| Kód roly |
bkd |
| 958 ## - Formálny deskriptor |
| Formálny deskriptor |
A |